History Quiz

Random History or War Quiz
Score 0/15 Timer 05:00
0 Plays Today
% Correct
Battle of Normandy (D-Day)
90.4%
Battle of Bunker Hill
66.7%
Battle of Trafalgar
53.3%
First Battle of Bull Run (Manassas)
53.3%
Battle of the Bulge
51.6%
Battle of Gettysburg
46.9%
Battle of Thermopylae
45.4%
Battle of Mobile Bay
41.4%
% Correct
Battle of Jutland
36.3%
Battle of Waterloo
33.3%
Battle of Spotsylvania Court House
25.2%
Battle of Belleau Wood
24%
Battle of Balaclava
22.5%
Battle of Manila Bay
22.4%
First Battle of the Marne
20%
Remove Ads.
Support Sporcle.
Get the best of Sporcle when you Go Orange. This ad-free experience offers more features, more stats, and more fun while also helping to support Sporcle. Thank you for becoming a member.

You're not logged in!

Compare scores with friends on all Sporcle quizzes.
OR
Log In

Show Comments

Extras

Top Quizzes Today


Score Distribution

Your Account Isn't Verified!

In order to create a playlist on Sporcle, you need to verify the email address you used during registration. Go to your Sporcle Settings to finish the process.

Report this User

Report this user for behavior that violates our Community Guidelines.

Details: